Foxpro; T4 Version 2.0

Na minha lista:
Detalhes bibliográficos
Autor principal: Dương Quang Thiện
Formato: Livro
Idioma:Undetermined
Publicado em: Tp. HCM Văn phòng dịch vụ điện toán 1993
Assuntos:
Tags: Adicionar Tag
Sem tags, seja o primeiro a adicionar uma tag!
Thư viện lưu trữ: Trung tâm Học liệu Trường Đại học Cần Thơ
LEADER 00610nam a2200181Ia 4500
001 CTU_5087
008 210402s9999 xx 000 0 und d
082 |a 005.3 
082 |b Th305/T4 
100 |a Dương Quang Thiện 
245 0 |a Foxpro; T4 
245 0 |b Version 2.0 
245 0 |c Dương Quang Thiện, Nguyễn Lục, Trần Thị Thanh Loan 
260 |a Tp. HCM 
260 |b Văn phòng dịch vụ điện toán 
260 |c 1993 
650 |a foxpro ( computer programs ),programming languages ( electronic computers ) 
980 |a Trung tâm Học liệu Trường Đại học Cần Thơ